| 000 | 00684 a2200265 4500 | ||
|---|---|---|---|
| 260 | _aParis | ||
| 630 | _a33 - Economie. Economie politique | ||
| 037 | _b3, Achat | ||
| 650 | _a3 - SCIENCES SOCIALES | ||
| 100 | _aSalles, Pierre | ||
| 260 | _bDunod | ||
| 245 | _aProblèmes économiques généraux. Tome2, Macroéconomie : la comptabilité nationale, la croissance, les relations économiques internationales | ||
| 300 | _a469 p. | ||
| 650 | _aMacroéconomie | ||
| 260 | _c1983 | ||
| 300 | _b24 cm | ||
| 100 | _lfr | ||
| 037 | _aDE 2677 | ||
| 037 | _aDE 2678 | ||
| 037 | _aDE 2679 | ||
| 250 | _a6è éd. | ||
| 020 | _a2-04-015205-9 | ||
| 999 |
_c38551 _d38551 |
||